Normal view
MARC view
Entry Topical Term
001 - CONTROL NUMBER
- control field: 40564
003 - CONTROL NUMBER IDENTIFIER
- control field: OSt
005 - DATE AND TIME OF LATEST TRANSACTION
- control field: 20230914151710.0
008 - FIXED-LENGTH DATA ELEMENTS
- fixed length control field: 230914|| aca||aabn | a|a d
040 ## - CATALOGING SOURCE
- Original cataloging agency: OSt
- Transcribing agency: OSt
150 ## - HEADING--TOPICAL TERM
- Topical term or geographic name entry element: Unemployment, Labour mobility, Panel logit specifications.
670 ## - SOURCE DATA FOUND
- Source citation: Work cat.: (OSt): Das, Panchanan 40563, Creation and destruction of jobs in urban labour market: Role of gender, caste and religion in India
